|
|
|
|
| LEADER |
00000nam a2200000 a 4500 |
| 001 |
vtls001289617 |
| 003 |
SK-MaSNL |
| 005 |
20260301064917.0 |
| 008 |
240226s1995 xo r slo |
| 015 |
|
|
|a SNBA1997/1103232
|
| 020 |
|
|
|a 8096708279
|
| 035 |
|
|
|a SNK000241242
|
| 035 |
|
|
|a urn:nbn:sk:snk-amkge5
|
| 035 |
|
|
|a urn:nbn:sk:snk-am002ylb
|
| 035 |
|
|
|a 1984E2E9-9957-4987-A723-BBD8628273C2
|
| 040 |
|
|
|a SNK
|b slo
|c SNK
|e AACR2
|
| 041 |
0 |
|
|a slo
|
| 044 |
|
|
|a xo
|c SK
|
| 080 |
|
|
|a 371.214.112:808.54+885.4(073)
|2 1981
|
| 080 |
|
|
|a 808.54(073)
|2 1981
|
| 080 |
|
|
|a 885.4(091)(073)
|2 1981
|
| 245 |
0 |
0 |
|a Učebné osnovy pre stredné školy s vyučovacím jazykom maďarským - Slovenský jazyk a literatúra, povinný učebný predmet
|
| 260 |
|
|
|a Bratislava
|b ARIMES
|b Ministerstvo školstva Slovenskej republiky
|c 1995
|
| 300 |
|
|
|a 110 s.
|c 21 cm
|
| 650 |
0 |
7 |
|a slovenčina
|2 SNK
|9 1350
|
| 650 |
0 |
7 |
|a literatúra slovenská
|x školy stredné maďarské
|x osnovy učebné
|2 SNK
|9 382889
|
| 650 |
0 |
7 |
|a osnovy učebné
|x slovenčina
|x literatúra slovenská
|x školy stredné maďarské
|2 SNK
|9 382890
|
| 655 |
|
7 |
|a učebné osnovy
|2 SNK
|9 60479
|
| 919 |
|
|
|a 80-967082-7-9
|
| 958 |
|
|
|a TL
|
| 958 |
|
|
|a UO
|
| 999 |
|
|
|c 628700
|d 630630
|
| 952 |
|
|
|t P60, <09>, [BOOK], {629}
|a SNK
|b SNK
|y NEVYP
|7 0
|o snkC 1428
|i snk2732/970617
|0 0
|1 0
|4 0
|d 1997-06-16
|l 0
|r 2005-01-02 00:00:00
|w 2026-02-23
|
| 952 |
|
|
|t P60, <04>, [BOOK], {604}
|a SNK
|b SNK
|y VYP
|7 0
|p 17A0072819
|o snkSC 93373 D1
|i snkKSP 6082/97
|0 0
|1 0
|4 0
|d 1997-06-16
|l 0
|r 2005-01-02 00:00:00
|w 2026-02-23
|
| 952 |
|
|
|t P60, <03>, [BOOK], {603}
|a SNK
|b SNK
|y PREZ
|7 0
|p 17A0072820
|o snkSC 93373
|i snkKSP 6081/97
|0 0
|1 0
|4 0
|d 1997-06-16
|f 1
|l 0
|r 2025-09-11 00:00:00
|w 2026-02-23
|